书目信息 |
| 题名: |
管道工长手册
|
|
| 作者: | 张忠孝 , 张隽 编著 | |
| 分册: | ||
| 出版信息: | 北京 中国建筑工业出版社 2009.07 |
|
| 页数: | 891页 | |
| 开本: | 21cm | |
| 丛书名: | ||
| 单 册: | ||
| 中图分类: | TU81-62 | |
| 科图分类: | ||
| 主题词: | 管道施工--技术手册 | |
| 电子资源: | ||
| ISBN: | 978-7-112-10833-6 | |
| 000 | 00954nam0 2200253 450 | |
| 001 | K8544369 | |
| 005 | 20240328092413.28 | |
| 010 | @a978-7-112-10833-6@dCNY58.00 | |
| 100 | @a20100515d2009 ekmy0chiy0121 ea | |
| 101 | @achi | |
| 102 | @aCN@b110000 | |
| 105 | @aa a 000yy | |
| 200 | 1 | @a管道工长手册@Aguan dao gong chang shou ce@f张忠孝, 张隽编著@Fzhang zhong xiao,zhang juan bian zhu |
| 205 | @a2版 | |
| 210 | @a北京@c中国建筑工业出版社@d2009.07 | |
| 215 | @a891页@c图@d21cm | |
| 320 | @a有书目 (第891页) | |
| 330 | @a本书在第一版的基础上作了修订。全书共分为四篇,基础技术,施工基础,常用资料等。书中由浅入深地叙述了管道施工技术和工长必须具备的管理知识,并收集了工作中常用的资料数据,可供广大工程施工技术管理人员学习参考。 | |
| 606 | 0 | @a管道施工@x技术手册 |
| 690 | @aTU81-62@v4 | |
| 701 | 0 | @a张忠孝@Azhang zhong xiao@4编著 |
| 701 | 0 | @a张隽@Azhang juan@4编著 |
| 801 | 0 | @aCN@b河南城建学院图书馆@c20100515 |
| 905 | @dTU81-62@eZ2501=2@f3 | |
| 管道工长手册/张忠孝, 张隽编著.-2版.-北京:中国建筑工业出版社,2009.07 |
| 891页:图;21cm |
| ISBN 978-7-112-10833-6:CNY58.00 |
| 本书在第一版的基础上作了修订。全书共分为四篇,基础技术,施工基础,常用资料等。书中由浅入深地叙述了管道施工技术和工长必须具备的管理知识,并收集了工作中常用的资料数据,可供广大工程施工技术管理人员学习参考。 |
| ● |
| 相关链接 |
|
|
|
正题名:管道工长手册
索取号:TU81-62/Z2501=2
 
预约/预借
| 序号 | 登录号 | 条形码 | 馆藏地/架位号 | 状态 | 备注 |
| 1 | 1454613 | 214546133 | 建筑库201/201建筑库 79排2列2层/ [索取号:TU81-62/Z2501=2] | 在馆 | |
| 2 | 1454614 | 214546142 | 建筑库201/201建筑库 79排2列2层/ [索取号:TU81-62/Z2501=2] | 在馆 | |
| 3 | 1454615 | 214546151 | 建筑库201/201建筑库 79排2列2层/ [索取号:TU81-62/Z2501=2] | 在馆 | |
| 4 | 1454616 | 214546160 | 建筑库201/201建筑库 79排2列2层/ [索取号:TU81-62/Z2501=2] | 在馆 | |
| 5 | 1454617 | 214546179 | 建筑库201/201建筑库 79排2列2层/ [索取号:TU81-62/Z2501=2] | 在馆 | |
| 6 | 1454618 | 214546188 | 建筑库201/201建筑库 79排2列2层/ [索取号:TU81-62/Z2501=2] | 在馆 | |
| 7 | 1548939 | 215489399 | 建筑库201/201建筑库 79排2列3层/ [索取号:TU81-62/Z2501=2] | 在馆 | |
| 8 | 1548940 | 215489406 | 建筑库201/201建筑库 79排2列2层/ [索取号:TU81-62/Z2501=2] | 在馆 | |
| 9 | 1548941 | 215489415 | 建筑库201/201建筑库 79排2列3层/ [索取号:TU81-62/Z2501=2] | 在馆 | |
| 10 | 1548942 | 215489424 | 建筑库201/201建筑库 79排2列3层/ [索取号:TU81-62/Z2501=2] | 在馆 | |
| 11 | 1548943 | 215489433 | 建筑库201/201建筑库 79排2列2层/ [索取号:TU81-62/Z2501=2] | 在馆 | |
| 12 | 1548944 | 215489442 | 建筑库201/201建筑库 79排2列2层/ [索取号:TU81-62/Z2501=2] | 在馆 | |
| 13 | 899228 | 208992287 | 建筑库201/201建筑库 79排2列2层/ [索取号:TU81-62/Z2501=2] | 在馆 | |
| 14 | 899229 | 208992296 | 建筑库201/201建筑库 79排2列2层/ [索取号:TU81-62/Z2501=2] | 在馆 | |
| 15 | 899230 | 208992303 | 建筑库201/201建筑库 79排2列2层/ [索取号:TU81-62/Z2501=2] | 在馆 |